Postmodernism in a global perspective / (Record no. 88289)

MARC details
000 -LEADER
fixed length control field 02097nam a22002417a 4500
005 - DATE AND TIME OF LATEST TRANSACTION
control field 20140904124945.0
010 ## - LCCN (DPL NO)
LC control number ENG-110729
020 ## - INTERNATIONAL STANDARD BOOK NUMBER
International Standard Book Number 9788132113188
Terms of availability 895.00
035 ## - SYSTEM CONTROL NUMBER
System control number EN-94261
037 ## - SOURCE OF ACQUISITION
Source of stock number/acquisition DBAD/PUB
082 ## - DEWEY DECIMAL CLASSIFICATION NUMBER
Classification number 301.01
245 ## - TITLE STATEMENT
Title Postmodernism in a global perspective /
Statement of responsibility, etc edited by Samir Dasgupta [and] Peter Kivisto
260 ## - PUBLICATION, DISTRIBUTION, ETC. (IMPRINT)
Place of publication, distribution, etc New Delhi
Name of publisher, distributor, etc Sage Publications
Date of publication, distribution, etc 2014
270 ## - ADDRESS
Address B1/ I-1 Mohan Cooperative Industrial Area,Mathura Road
City New Delhi
Postal code 110044
300 ## - PHYSICAL DESCRIPTION
Extent xx,285p.
Dimensions 22cm(Hb)
500 ## - GENERAL NOTE
General note Includes bibliographical references and index.
505 ## - FORMATTED CONTENTS NOTE
Formatted contents note Acknowledgements -- Introduction: postmodernism in global perspective / by Samir Dasgupta and Peter -- Kivisto -- Framing postmodernism in global terms -- Dialectics of globalization : from theory to practice / Douglas Kellner -- After developmentalism and globalization, what? / Immanuel Wallerstein -- 21st century globalization : sociological perspectives / Jan Nederveen Pieterse -- Explicating postmodernism -- The emergence of postmodern theory in sociology / Andy Scerri -- Postmodernity as an internal critique of modernity / Peter Kivisto -- Modernity and postmodernity / Nico Stehr and Jason L. Mast -- Sociology and postmodern risk / Samir Dasgupta -- Postmodernism and sociology : can solidarity be a substitute for objectivity? / Murray Milner, Jr -- Many faces of postmodernism : gender, market religions, management -- Philosophy, and culture -- Feminism, postmodern contentions, and emancipatory politics / Rosalind A. Sydie -- Julia kristeva : toward a postmodern philosophy of feminism / Mahbuba Nasreen -- "Market religions" and postmodern globalization theory / Gabriel Ignatow and Lindsey A. Johnson -- Critical management studies (cmc) and post-modernist movements / Ananda Das Gupta -- Globalization, postmodernism, and literary criticism / Imre Szeman -- About the editors and contributors -- Index.
650 ## - SUBJECT ADDED ENTRY--TOPICAL TERM
Topical term or geographic name as entry element Postmodernism.
650 ## - SUBJECT ADDED ENTRY--TOPICAL TERM
Topical term or geographic name as entry element Sociology
General subdivision Philosophy.
700 ## - ADDED ENTRY--PERSONAL NAME
Personal name Dasgupta, Samir
700 ## - ADDED ENTRY--PERSONAL NAME
Personal name Kivisto, Peter
942 ## - ADDED ENTRY ELEMENTS (KOHA)
Source of classification or shelving scheme Dewey Decimal Classification
Item type English Books
Classification part 301.01
Call number suffix POS
Holdings
Withdrawn status Lost status Not for loan Collection code Home library Current library Date acquired Source of acquisition Cost, normal purchase price Full call number Barcode Copy number Cost, replacement price Koha item type
    Not For Loan Non-fiction D.B.Act.Division D.B.Act.Division 04/09/2014 DBAD/PUB 895.00 301.01 POS EN-94261 1 895.00 English Books

© Delhi Public Library
Hit Counter
free hit counter